000 01744cam a22002054a 4500
005 20250605164204.0
008 250528s ||||||||||||||||||||||||d
035 _a19844
020 _a201060302
040 _aGR-AtMCL
_bgre
_dGR-AtMCL
_eAACR2
245 1 _aΔιαφορικός και Ολοκληρώτικος Λογισμός με Αναλυτική Γεωμετρία / Τρίτη Αγγλική Έκδοση.
_nΤόμος Α΄
260 _bΠαπαζήση,
_c1984
300 _a644
520 _aΑνισότητες, Απόλυτη Τιμή, Απόλυτη Τιμή και Ανισότητες, Σχέσεις και Συναρτήσεις και Γραφικές Παραστάσεις, Σύνολα και Συμβολισμοί, Αριθμητικό Επίπεδο και Γραφικές Παραστάσεις, Συναρτήσεις και Συμβολισμοί, Σχέσεις και Τομές και Συμμετρία, Πεδίο Ορισμού και Πεδίο Τιμών και Ασύμπτωτοι, Η Ευθεία, Τύπος Απόστασης και Τύπος Μεσοδιαστήματος, Κλίση Ευθείας και Παράλληλες και Κάθετες Ευθείες, Η Ευθεία Γραμμή, Εισαγωγή στο Λογισμό και Όρια, Η Παράγωγος, Γεωμετρική Ερμηνεία της Παραγώγου, Στιγμιαία Ανυσματική Ταχύτητα και Ταχύτητα: Επιτάχυνση, Ορισμός του Ορίου, Θεωρήματα επί των Ορίων, Όρια Ακολουθιών.
700 1 _aMorrey Charles B. Jr
_96004
700 1 _aProtter Murray H
_96005
942 _cBK
999 _c5090
_d5090